Sosyal Güvenlik ve çalışma hayatının sorunları (Record no. 8677)

MARC details
000 -BAŞLIK
Sabit Uzunlukta Kontrol Alanı 01037na a2200289 4500
001 - KONTROL NUMARASI
Denetim Alanı 16400
003 - KONTROL NUMARASI IDENTIFIER
Denetim Alanı MIRAKIL
005 - SON İŞLEM TARİHİ VE ZAMANI
Denetim Alanı 20181213155220.0
008 - SABİT-BOY VERİ ELEMANLARI - GENEL BİLGİLER
Sabit Uzunlukta Kontrol Alanı 161005b tu 000 0
035 ## - SİSTEM KONTROL NUMARASI
Sistem Kontrol Numarası 16400
040 ## - KATALOGLAMA KAYNAK
Orijinal Kataloglama Ajansı Milas
Kataloglama Dili tur
Metne Dönüştürmek Ajansı TR-AnCHP
041 ## - DİL KODU
Metin / Ses Parça Veya Ayrı Başlığın Dil Kodu tur
082 ## - DEWEY ONLU SINIFLANDIRMA NUMARASI
Sınıflandırma Numarası 324.216
Ürün Numarası S67 1995
090 ## - SINIFLAMA NUMARASI
Sınıflama Numarası 324.216 S67 1995
245 ## - BAŞLIK TABLOSU
Başlık Sosyal Güvenlik ve çalışma hayatının sorunları
Sorumluluk Tablosu, Vb Anavatan Partisi Sosyal İlişkiler Başkanlığı
246 ## - UNVAN FORM VARYING
Başlık Doğru / Kısa Başlığı Çalışma hayatının sorunları
260 ## - YAYIN, DAĞITIM, VB
Yayın, Dağıtım, Vb Yeri Ankara
Yayıncı, Dağıtıcı, Vs Adı Anavatan Partisi
Yayın, Dağıtım, Vb Tarihi 1995
300 ## - FİZİKSEL TANIM
Kapsam 236 s.
Boyutlar 24 sm.
490 ## - SERİSİ TABLOSU
Seri Beyanı Anavatan Partisi Sosyal İlişkiler Başkanlığı
Hacim / Ardışık Tanımı 2
610 ## - KONU KATMA GİRİŞ - TOPLANTI ADI
Giriş Elemanı Olarak Kurumsal Ad Veya Yargı Alanı Adı Anavatan Partisi (ANAP)
Genel Alt Bölüm Siyaset ve yönetim
Kronolojik Alt Bölüm Sosyal güvenlik
610 ## - KONU KATMA GİRİŞ - TOPLANTI ADI
Giriş Elemanı Olarak Kurumsal Ad Veya Yargı Alanı Adı Anavatan Partisi (ANAP)
Genel Alt Bölüm Siyasal ve sosyal görüşler
610 ## - KONU KATMA GİRİŞ - TOPLANTI ADI
Giriş Elemanı Olarak Kurumsal Ad Veya Yargı Alanı Adı ANAP
Genel Alt Bölüm İşsizlik ve istihdam
650 ## - KONU KATMA GİRİŞ - TOPİKAL DÖNEM
Topikal Süreli Veya Coğrafi Ad Giriş Elemanı Sosyal güvenlik
Genel Alt Bölümü Hukuk ve mevzuat
Kronolojik Alt Bölümü Öneriler
Coğrafi Alt Bölümü Türkiye
650 ## - KONU KATMA GİRİŞ - TOPİKAL DÖNEM
Topikal Süreli Veya Coğrafi Ad Giriş Elemanı İş hukuku
Coğrafi Alt Bölümü Türkiye
942 ## - EKLENDİ GİRİŞ ELEMANLARI (KOHA)
Sınıflandırma Veya Raf Düzeni Kaynak Dewey Decimal Classification
Koha Öğesi Türü Books
999 ## - SİSTEM KONTROL NUMARALARI (KOHA)
Koha Biblionumber 8677
Koha Biblioitemnumber 8677
657 ## - INDEX SÜRE - İŞLEVİ
-- ANAPın sosyal güvenlik çalışma ve önerileri
Holdings
Kalıcı Konum Mevcut Konum Edinme Tarihi Edinim Kaynak Toplam Check-Out'Lar Tam Çağrı Numarası Barkod Tarih Son Görülme İtibaren Geçerli Fiyatlar Koha Öğesi Türü
CHP Kütüphanesi CHP Kütüphanesi 10/05/2016 Bağış   324.216 S67 1995 006283 10/05/2016 10/05/2016 Books